Client/Consultant Model Services Agreement (Record no. 115996)

MARC details
000 -LEADER
fixed length control field 00962cam a2200253 4500
001 - CONTROL NUMBER
control field L159556
008 - FIXED-LENGTH DATA ELEMENTS--GENERAL INFORMATION
fixed length control field 170907n2017 000 0 eng u
020 ## - INTERNATIONAL STANDARD BOOK NUMBER
International Standard Book Number 9782884320788
035 ## - SYSTEM CONTROL NUMBER
System control number (Sirsi) u159556
041 0# - LANGUAGE CODE
Language code of text/sound track or separate title eng
050 ## - LIBRARY OF CONGRESS CALL NUMBER
Classification number 624.08
-- 18
110 ## - MAIN ENTRY--CORPORATE NAME
Corporate name or jurisdiction name as entry element Federation Internationale des Ingenieurs-Conseils
9 (RLIN) 764
245 ## - TITLE STATEMENT
Title Client/Consultant Model Services Agreement
250 ## - EDITION STATEMENT
Edition statement 5th ed
260 ## - PUBLICATION, DISTRIBUTION, ETC.
Place of publication, distribution, etc. Lausanne
Name of publisher, distributor, etc. FIDIC
Date of publication, distribution, etc. 2017
300 ## - PHYSICAL DESCRIPTION
Extent 24p.
Dimensions 30cm.
520 ## - SUMMARY, ETC.
Summary, etc. Suitable for general use for the purposes of pre-investment and feasibility studies, detail design and administration of construction and project management both for employer-led and contractor-led design on design and build projects. The agreement is suitable for international and well as domestic projects.
590 ## - LOCAL NOTE (RLIN)
Local note NTK
650 ## - SUBJECT ADDED ENTRY--TOPICAL TERM
Topical term or geographic name entry element ENGINEERING CONTRACTS
650 ## - SUBJECT ADDED ENTRY--TOPICAL TERM
Topical term or geographic name entry element INTERNATIONAL CONTRACTS
651 #4 - SUBJECT ADDED ENTRY--GEOGRAPHIC NAME
Geographic name International
690 ## - LOCAL SUBJECT ADDED ENTRY--TOPICAL TERM (OCLC, RLIN)
Topical term or geographic name as entry element Contracts
9 (RLIN) 6232
942 ## - ADDED ENTRY ELEMENTS (KOHA)
Suppress in OPAC 0
Holdings
Withdrawn status Lost status Source of classification or shelving scheme Damaged status Not for loan Home library Current library Shelving location Date acquired Total Checkouts Full call number Barcode Date last seen Copy number Price effective from Koha item type
    Dewey Decimal Classification     London London Folio 07/09/2017   F624.08 FID 30075135 06/08/2019 1 06/08/2019 Book